| 000 | 01245nam a2200313 i 4500 | ||
|---|---|---|---|
| 001 | bg | ||
| 245 | 0 | 0 |
_aPolska lokalna wobec integracji europejskiej / _cred. Zdzisław Mach, Dariusz Niedźwiedzki. |
| 250 | _aWyd. 2. | ||
| 260 |
_aKraków : _bTAiWPN [Towarzystwo Autorów i Wydawców Prac Naukowych] "Universitas", _ccop. 2002. |
||
| 300 |
_a188 s. ; _c21 cm. |
||
| 504 | _aBibliogr. | ||
| 610 | 2 | 9 |
_aUnia Europejska _xa Polska _xsocjologia |
| 650 | 9 |
_aSpołeczności lokalne _xsocjologia _zPolska _yod 1989 r. |
|
| 650 | 9 |
_aŚwiadomość społeczna _zPolska _yod 1989 r. |
|
| 651 | 9 |
_aKłodzko (woj. dolnośląskie ; okręg) _xsocjologia _yod 1989 r. |
|
| 651 | 9 |
_aLeżajsk (woj. podkarpackie ; okręg) _xsocjologia _yod 1989 r. |
|
| 651 | 9 |
_aPolska _xa Unia Europejska _xsocjologia |
|
| 651 | 9 |
_aZamość (woj. lubelskie ; okręg) _xsocjologia _yod 1989 r. |
|
| 700 | 1 |
_aMACH, Zdzisław _d(1954- ) |
|
| 700 | 1 |
_aNIEDŹWIEDZKI, Dariusz. _eRed. |
|
| 020 | _a8370525180 | ||
| 040 | _cBPK | ||
| 041 | 0 | _apol | |
| 080 | _a316.334.5:316.64](438:4-67)"1989/..." | ||
| 920 | _a83-7052-518-0 | ||
| 942 | _cKS | ||
| 008 | s pl f |000 0 pol | ||
| 999 |
_c42563 _d42563 |
||
| 856 |
_uhttp://koha.tu.koszalin.pl/cgi-bin/koha/opac-detail.pl?biblionumber=42563 _yKatalog online BPK |
||